00437nam a2200169Ia 450000500170000000800410001704100080005808200150006610000150008124500240009625000110012026000450013130000080017650000290018465000280021370000260024120251121145322.0230125s9999 xx 000 0 und d aeng a158.1bNAR aNarsapur A aSamartha Sahajeevan aEd 2nd c2012bVidyabharati PrakashanaAurangabad a86p aPersonality Development  aPersonality Development aNarsapur A & Sawaji M